000 00711nam a2200181 a 4500
005 20140412111250.0
008 000824s19uu xx 00 eng d
020 _a0-590-47723-4
050 _aTR(PS E
_bJi56 1970
100 _aBriggs, Raymond
245 _aJim and the beanstalk /
_cwritten and illustrated by Jim and the Beanstalk.
260 _aNew York :
_bScholastic Inc,
_c1970.
300 _a1 v. (unp.) ; ill.
520 _aJim climbs the beanstalk outside his window. He finds a giant at the top. This giant has problems. BIG PROBLEMS! Can Jim come up with a few BIG SOLUTIONS before he gets eaten?
650 _aBeanstalk stories-Fiction
650 _aGiants stories-Fiction
999 _c103138
_d103138